Statistics for Kansas State Quiz

Click here to take the quiz!

General Stats

  • This quiz has been taken 167 times
  • The average score is 7 of 12

Answer Stats

HintAnswer% Correct
CapitalTopeka
100%
Largest CityWichita
99%
Above is on what riverKansas River
90%
Third largest cityKansas City
87%
Second largest cityOverland Park
62%
Hills east of WichitaFlint Hills
61%
Above is on what riverArkansas River
58%
Fourth largest cityOlathe
54%
Highest POintMount Sunflower
50%
Hills southwest of WichitaRed Hills
17%
Hills between the Republican and Saline RiversSmoky Hills
17%
River east of the aboveVerdigris River
10%

Score Distribution

Percentile by Number Answered

Percent of People with Each Score

Your Score History

You have not taken this quiz